| 000 | 02496cam a22006134i 4500 | ||
|---|---|---|---|
| 003 | PE-LiUPU | ||
| 005 | 20250731170412.0 | ||
| 008 | 130426s2011 ck 000 0 spa d | ||
| 020 | _a9789875384323 | ||
| 020 | _a9875384321 | ||
| 035 | _a(Sirsi) i9789875384323 | ||
| 040 |
_aPE-LiUPU _bspa _cPE-LiUPU _erda |
||
| 049 | _aPRUA | ||
| 050 | 4 |
_aB 52 _bD |
|
| 082 | 0 |
_a107 _bD7 _220 |
|
| 245 | 0 | 0 |
_aDidácticas de la filosofía : _bpara una pedagogía del concepto / _cAlejandro Cerletti, Ana Couló [y otros nueve]. |
| 250 | _a1a edición. | ||
| 264 |
_aBuenos Aires : _bNovedades Educativas, _c2015. |
||
| 300 |
_a166 páginas ; _c24 centímetros. |
||
| 336 |
_text _2rdacontent |
||
| 337 |
_unmediated _2rdamedia |
||
| 338 |
_volume _2rdacarrier |
||
| 490 | 0 | _aFilosofía actual | |
| 504 | _aBibliografía : página 166. | ||
| 505 | 2 | _aDidáctica aleatoria de la filosofía, dialéctica del aprendizaje filosófico -- Pistas de un método regresivo para la enseñanza de la filosofía -- Enseñar filosofía a docentes de ciencias Naturales en formación -- Proyecciones pedagógicas de la historia de la lógica -- La formación de profesores de filosofía de la univesidad: ¿reformar el el plan de estudios de la carrera de filosofía... o renovar la filosofía? -- Enseñar a enseñar filosofía -- Sobre la construcción del oficio de profesor/a de filosofía -- Algunas evaluaciones filosóficas sobre la evaluación en filosofía -- Bellos, interesados y auráticos: concepciones de la estética en los libros de texto. | |
| 526 | _aSEG68 | ||
| 526 | _aSEG70 | ||
| 526 | _aSEG69 | ||
| 526 | _aSEG67 | ||
| 526 | _aSEG43 | ||
| 526 | _aP144 | ||
| 526 | _aP143 | ||
| 526 | _aP131 | ||
| 526 | _aP122 | ||
| 526 | _aP120 | ||
| 526 | _aP117 | ||
| 526 | _aP112 | ||
| 526 | _aP110 | ||
| 526 | _aP106 | ||
| 526 | _aP101 | ||
| 526 | _aP80 | ||
| 526 | _aP59 | ||
| 526 | _aP54 | ||
| 526 | _aP35 | ||
| 526 | _aP33 | ||
| 526 | _aP30 | ||
| 650 | 1 | 4 |
_aFilosofía _xEstudio y enseñanza. |
| 942 |
_2ddc _cBOOK |
||
| 949 |
_a107 D7 _wDEWEY _c1 _i74128 _lCCODEBUL1 _mBUL _p20.00 _r0 _sY _tBOOK _u2016-8-1 _xSALUD _PP20 _0COMPRA _o.STAFF. Colección General |
||
| 994 |
_aC0 _bPEPRU |
||
| 596 | _a1 | ||
| 999 |
_a107 D7 _wDEWEY _c11671 _i74128 _d11671 _e2017-3-14 _f2021-11-4 _g5 _lCCODEBUL1 _mBUL _n1 _p20.00 _q2 _r0 _sY _tBOOK _u2016-8-1 _xBIBLIOTECA _PP20 _0COMPRA _o.STAFF. Colección General |
||
| 980 |
_81 _gALBERTO SANCHEZ Responsable de Automatización |
||